LEADER 01184cam--2200397---450- 001 990002672330203316 005 20161128085947.0 010 $a88-07-10297-8 035 $a000267233 035 $aUSA01000267233 035 $a(ALEPH)000267233USA01 035 $a000267233 100 $a20051014d2001----km-y0itaa50------ba 101 0 $aita 102 $aIT 105 $ay|||z|||001yy 200 1 $a<>eresia del Libro grande$estoria di Giorgio Siculo e della sua setta$fAdriano Prosperi 205 $a2. ed 210 $aMilano$cFeltrinelli$d2001 215 $a490 p.$d22 cm 225 2 $aCampi del sapere 410 0$12001$aCampi del sapere 600 1$aGiorgio : Siculo 606 0 $aEresie$yItalia$zSec. 16. 676 $a273.6092 700 1$aPROSPERI,$bAdriano$f<1939- >$0140139 801 0$aIT$bsalbc$gISBD 912 $a990002672330203316 951 $aII.2. 4455 (XIV 1789)$b179563 L.M.$cII.2.$d00133771 959 $aBK 969 $aUMA 979 $aPECORARO$b90$c20051014$lUSA01$h1054 979 $aCOPAT4$b90$c20070206$lUSA01$h1330 979 $aANNAMARIA$b90$c20161128$lUSA01$h0859 996 $aEresia del libro grande$9705028 997 $aUNISA LEADER 03640nam 2200685 a 450 001 9910458829503321 005 20200520144314.0 010 $a1-282-60153-9 010 $a9786612601538 010 $a90-474-2761-0 024 7 $a10.1163/ej.9789004174153.i-232 035 $a(CKB)2670000000013009 035 $a(EBL)489362 035 $a(OCoLC)593295857 035 $a(SSID)ssj0000335671 035 $a(PQKBManifestationID)11285716 035 $a(PQKBTitleCode)TC0000335671 035 $a(PQKBWorkID)10273668 035 $a(PQKB)10337699 035 $a(MiAaPQ)EBC489362 035 $a(OCoLC)318534326 035 $a(nllekb)BRILL9789047427612 035 $a(PPN)174398743 035 $a(Au-PeEL)EBL489362 035 $a(CaPaEBR)ebr10372613 035 $a(CaONFJC)MIL260153 035 $a(EXLCZ)992670000000013009 100 $a20090413d2009 uy 0 101 0 $aeng 135 $aurun####uuuua 181 $ctxt 182 $cc 183 $acr 200 14$aThe changing face of religion and human rights$b[electronic resource] $ea personal reflection /$fby Clemens N. Nathan 210 $aLeiden ;$aBoston $cM. Nijhoff Publishers$d2009 215 $a1 online resource (248 p.) 225 0 $aNijhoff eBook titles 2009 300 $aDescription based upon print version of record. 311 $a90-04-17415-X 320 $aIncludes bibliographical references and index. 327 $tPreliminary Materials /$rC. Nathan --$t1 Introduction /$rC. Nathan --$t2 Human Rights: Origins And Definitions /$rC. Nathan --$t3 The Scope Of Religion:Some Contemporary Views /$rC. Nathan --$t4 Delineating The Interplay Between Rights And Religion /$rC. Nathan --$t5 The Impact Of Religious Symbolism In Europe: Wearing The Hijab And Burqha /$rC. Nathan --$t6 The Decline Of Capital Punishment /$rC. Nathan --$t7 Religion For Rights: The Success Of Establishing Rights Through Religion /$rC. Nathan --$t8 Conclusion /$rC. Nathan --$t9 Appendices /$rC. Nathan --$tAn Autobiographical Sketch /$rC. Nathan --$tIndex /$rC. Nathan. 330 $aClemens N. Nathan has devoted a lifetime to the pursuit of Human Rights ? to understanding and reflecting upon the concept of Human Rights; to participating in, and sometimes helping to create, organisations and mechanisms for the protection and promotion of Human Rights; to helping those who have been denied their Human Rights and to encouraging and supporting research into and scholarship on Human Rights. All this has been achieved by a man who has had no formal training in the field, but who has become a recognised expert through his extensive reading, through working with leading exponents, and by drawing upon his lively intellect, his wealth of culture and his knowledge of history, philosophy and religions. This volume, published under the auspices of the Raoul Wallenberg Institute of Human Rights and Humanitarian Law, offers insight into the challenging relationship between religion and human rights. 606 $aHuman rights$xReligious aspects 606 $aFreedom of religion 606 $aReligion and law 606 $aReligion and state 608 $aElectronic books. 615 0$aHuman rights$xReligious aspects. 615 0$aFreedom of religion. 615 0$aReligion and law. 615 0$aReligion and state. 676 $a342.08/52 700 $aNathan$b Clemens N$g(Clemens Neumann),$f1933-$0856928 801 0$bMiAaPQ 801 1$bMiAaPQ 801 2$bMiAaPQ 906 $aBOOK 912 $a9910458829503321 996 $aThe changing face of religion and human rights$91987969 997 $aUNINA LEADER 03944nam 2200613 a 450 001 9910671712503321 005 20221108051814.0 010 $a1-4619-1181-8 010 $a1-4492-5415-2 035 $a(CKB)2550000000072851 035 $a(EBL)3195932 035 $a(OCoLC)923028911 035 $a(SSID)ssj0001020571 035 $a(PQKBManifestationID)11538639 035 $a(PQKBTitleCode)TC0001020571 035 $a(PQKBWorkID)10991073 035 $a(PQKB)10628170 035 $a(MiAaPQ)EBC3195932 035 $a(OCoLC)855706981 035 $a(FlNmELB)ELB69178 035 $a(EXLCZ)992550000000072851 100 $a20201201e2011 || | 101 0 $aspa 135 $aur|n|---||||| 181 $ctxt 182 $cc 183 $acr 200 10$aContabilidad tributaria$b[recurso electronico] /$fCarlos Mario Vargas Restrepo 210 $aBogota? $cEcoe Ediciones$d2011 215 $a1 online resource (270 p.) 225 0$aCiencias administrativas.$pContabilidad y finanzas 300 $aDescription based upon print version of record. 311 $a958-648-715-6 327 $aContabilidad tributaria; Pa?gina Legal; Tabla de contenido; Pro?logo; Introduccio?n; Capi?tulo 1; 1.1. Contextualizacio?n; 1.2. Concepto de contabilidad tributaria; 1.3. Aplicacio?n fiscal de los principios de contabilidad; 1.4. Algunas normas fiscales con incidencia en la contabilidad financiera; Capi?tulo 2; 2.1. Enajenacio?n de inmuebles; 2.2. Contratos de ventas a plazos; 2.3. Contratos de leasing o de arrendamiento financiero; Capi?tulo 3; 3.1. Marco normativo; 3.2. Contextualizacio?n; 3.3. Dividendos y participaciones no gravados 327 $a3.4. Procedimiento para el ca?lculo de las utilidades gravadas y no gravadas3.5. Ejercicio de aplicacio?n sin la deduccio?n especial por inversio?n en activos fijos reales productivos; 3.6. Ejercicio de aplicacio?n con la deduccio?n especial por inversio?n en activos fijos reales productivos; Capi?tulo 4; 4.1. Marco normativo; 4.2. Marco teo?rico; 4.3. Conciliacio?n entre la utilidad contable y la renta fiscal; 4.4. Conciliacio?n entre el patrimonio contable y fiscal; 4.5. Conciliacio?n entre la correccio?n monetaria contable y la fiscal; 4.6. Conciliacio?n Vinculante; Capi?tulo 5 327 $a5.1. Marco normativo y doctrinario5.2. Marco teo?rico ma?s; 5.3. Modelo para el ca?lculo del gasto por impuesto de renta; 5.4. Ejercicios de aplicacio?n bajo el me?todo del diferido; 5.5. Ejercicios de aplicacio?n bajo el me?todo del activo/pasivo; Capi?tulo 6; 6.1. Marco normativo y doctrinario; 6.2. Marco teo?rico; 6.3. Provisio?n para impuesto de renta; 6.4. Contabilizacio?n del pasivo real por impuesto de renta; Capi?tulo 7; 7.1. Introduccio?n; 7.2. Marco teo?rico; 7.3. Impuestos descontables; 7.4. Contabilizacio?n del IVA; 7.5. Saldos a favor de IVA; 7.6. Estructura del plan de cuentas para efectos 327 $aCapi?tulo 88.1. Introduccio?n; 8.2. Impuesto al patrimonio; 8.3. Impuesto de industria y comercio y su complementario; 8.4. Contabilizacio?n de otros impuestos; 8.5. Retencio?n en la fuente; Capi?tulo 9; 9.1. Marco normativo y doctrinario; 9.2. Introduccio?n; 9.3. Cuentas de orden fiscales; 9.4. Ejercicio de Aplicacio?n 1:; 9.5. Ejercicio de aplicacio?n 2:; 9.6. Revelacio?n y vigencia de las cuentas de orden fiscales; Ape?ndice; Bibliografi?a 606 $aHacienda pu?blica$xContabilidad 606 $aImpuestos 606 $aTax accounting 610 $aHacienda publica 615 0$aHacienda pu?blica$xContabilidad. 615 0$aImpuestos. 615 0$aTax accounting. 676 $a657.46 700 $aVargas Restrepo$b Carlos Mario$01333364 712 02$ae-libro, Corp. 801 0$bMiAaPQ 801 1$bMiAaPQ 801 2$bMiAaPQ 906 $aBOOK 912 $a9910671712503321 996 $aContabilidad tributaria$93042498 997 $aUNINA